Informal learning in the workplace: unmasking human resource development. / (Record no. 2638)
[ view plain ]
| 000 -LEADER | |
|---|---|
| fixed length control field | 00917nam a22001697a 4500 |
| 008 - FIXED-LENGTH DATA ELEMENTS--GENERAL INFORMATION | |
| fixed length control field | 121205t xxu||||| |||| 00| 0 eng d |
| 020 ## - INTERNATIONAL STANDARD BOOK NUMBER | |
| International Standard Book Number | 0415185270 |
| 050 ## - LIBRARY OF CONGRESS CALL NUMBER | |
| Classification number | HF5549.5.T7 G344 |
| 100 ## - MAIN ENTRY--PERSONAL NAME | |
| Personal name | Garrick, John |
| 245 ## - TITLE STATEMENT | |
| Title | Informal learning in the workplace: unmasking human resource development. / |
| Statement of responsibility, etc. | John Garrick |
| 260 ## - PUBLICATION, DISTRIBUTION, ETC. | |
| Place of publication, distribution, etc. | U.S.A: |
| Name of publisher, distributor, etc. | Routledge, |
| Date of publication, distribution, etc. | c1998. |
| 300 ## - PHYSICAL DESCRIPTION | |
| Extent | ix, 212 p.: |
| Dimensions | 21cm. |
| 500 ## - GENERAL NOTE | |
| General note | Includes index. |
| 505 ## - FORMATTED CONTENTS NOTE | |
| Formatted contents note | Contents: What is informal learning in the workplace? -- Theorising informal learning -- Work as a learning environment: unmasking the language of HRD -- The Hidden curriculum of learning at work -- Professional identity and self-regulation at work -- The Performativity principle in informal learning -- Retheorising informal workplace learning -- Doubts about postmodern doubt: postscript -- Appendix: The Research methods. |
| 650 ## - SUBJECT ADDED ENTRY--TOPICAL TERM | |
| Topical term following geographic name entry element | Employees |
| General subdivision | Training. |
| 942 ## - ADDED ENTRY ELEMENTS (KOHA) | |
| Source of classification or shelving scheme | Library of Congress Classification |
| Koha item type | Books |
| Withdrawn status | Lost status | Source of classification or shelving scheme | Damaged status | Not for loan | Home library | Current library | Shelving location | Date acquired | Total Checkouts | Full call number | Barcode | Date last seen | Price effective from | Koha item type |
|---|---|---|---|---|---|---|---|---|---|---|---|---|---|---|
| Library of Congress Classification | WISCONSIN INTERNATIONAL UNIVERSITY COLLEGE, GHANA - MAIN LIBRARY | WISCONSIN INTERNATIONAL UNIVERSITY COLLEGE, GHANA - MAIN LIBRARY | AEC | 05/12/2012 | HF5549.5.T7 G344 | 6893/12 | 05/12/2012 | 05/12/2012 | Books |
